000 00601nam a22002057a 4500
999 _c6342
_d6342
003 AR-CdUCM
008 190314b ||||| |||| 00| 0 spa d
040 _aMUNICIPALIDAD PROVINCIAL DEL CUSCO
_cBIBLIOTECA MUNICIPAL DEL CUSCO
082 _a869.56 /
_bR68
100 _aRivera, Homero
_918127
245 _aPoesía de amor y libertad /
260 _aLima :
_bEds. Perú Joven,
_c2014
300 _a97 páginas ;
_c21 cm.
505 _aContenido : Poesía
650 _aPoesías peruanas
_918128
650 _aSiglo XX
_98
650 _aLiteratura
_9416
942 _2ddc
_cLIBROS
945 _admma